000 004280000a22001810004500
003 MACL
005 20151201130346.0
008 151201b xxu||||| |||| 00| 0 eng d
040 _aMACL
_cMACL
041 _aEnglish
082 _a742
100 _aSharma , R.N.
_918886
245 _aThe Embroidered New Spaper
260 _bDisha Books
_c1994
350 _a70
650 _aChildren's Book
_93410
942 _cBK
_k741.642
_2ddc
999 _c3276
_d3276